[Event "Werther- Kamen"]
[Site "?"]
[Date "2023.10.22"]
[Round "2.3"]
[White "Weidemann, Christian"]
[Black "Suchland, Marko"]
[Result "1/2-1/2"]
[WhiteElo "2203"]
[BlackElo "2159"]
[PlyCount "39"]
[EventDate "2023.??.??"]
[SourceVersionDate "2023.09.25"]

1. e4 d5 2. exd5 Qxd5 3. d4 Nc6 4. Nf3 Bg4 5. Be2 O-O-O 6. Be3 e5 7. Nc3 Qa5 8. Nxe5 Bxe2 9. Qxe2 Nxe5 10. dxe5 Qxe5 11. Qc4 Nf6 12. Rd1 Bd6 13. Nb5 a6 14. Nxd6+ Rxd6 15. O-O Qe6 16. Qc5 Rxd1 17. Rxd1 b6 18. Qa3 Kb7 19. Qb3 Re8 20. Qxe6 1/2-1/2

[Event "Werther- Kamen"]
[Site "?"]
[Date "2023.10.22"]
[Round "2.4"]
[White "Goecke, Karl Ulrich"]
[Black "Himmel, Hansjoerg"]
[Result "1/2-1/2"]
[WhiteElo "2143"]
[BlackElo "2227"]
[PlyCount "29"]
[EventDate "2023.??.??"]
[SourceVersionDate "2023.09.25"]

1. d4 Nf6 2. Nf3 e6 3. g3 c5 4. Bg2 Nc6 5. O-O a6 6. c4 cxd4 7. Nxd4 Qc7 8. b3 Nxd4 9. Qxd4 Bc5 10. Qd2 d6 11. Bb2 e5 12. b4 Ba7 13. Rd1 O-O 14. Na3 Qb6 15. e3 1/2-1/2

[Event "Werther- Kamen"]
[Site "?"]
[Date "2023.10.22"]
[Round "2.5"]
[White "Seepe, Udo"]
[Black "Henkemeier, Markus"]
[Result "1/2-1/2"]
[WhiteElo "2117"]
[BlackElo "2022"]
[PlyCount "21"]
[EventDate "2023.??.??"]
[SourceVersionDate "2023.09.25"]

1. c4 c6 2. d4 d5 3. cxd5 cxd5 4. Bf4 Nc6 5. e3 Nf6 6. Nc3 a6 7. Be2 e6 8. a3 Bd6 9. Bxd6 Qxd6 10. Nf3 O-O 11. O-O 1/2-1/2

[Event "Werther- Kamen"]
[Site "?"]
[Date "2023.10.22"]
[Round "2.6"]
[White "Hufendiek, Ekkehard"]
[Black "Georg, Felix"]
[Result "0-1"]
[WhiteElo "1905"]
[BlackElo "2054"]
[PlyCount "58"]
[EventDate "2023.??.??"]
[SourceVersionDate "2023.09.25"]

1. e4 e6 2. d4 d5 3. e5 c5 4. c3 Qb6 5. Nf3 Bd7 6. Bd3 Bb5 7. dxc5 Bxc5 8. O-O a5 9. a4 Bxd3 10. Qxd3 Nc6 11. Na3 Nge7 12. Bf4 Rd8 13. Nb5 Ng6 14. Bg3 O-O 15. h4 Nge7 16. h5 h6 17. Bf4 d4 18. c4 Rd7 19. Qd2 f6 20. Bxh6 gxh6 21. Qxh6 Nf5 22. Qf4 Qd8 23. g4 fxe5 24. Nxe5 Nh4 25. Qh6 Nxe5 26. Qxe6+ Kh7 27. f4 Re7 28. Qd5 Qxd5 29. cxd5 Nxg4 0-1

[Event "Werther- Kamen"]
[Site "?"]
[Date "2023.10.22"]
[Round "2.7"]
[White "Kilian, Ralf"]
[Black "Prochnow, Malte"]
[Result "1-0"]
[WhiteElo "2072"]
[BlackElo "1879"]
[PlyCount "83"]
[EventDate "2023.??.??"]
[SourceVersionDate "2023.09.25"]

1. e4 e5 2. Nf3 Nc6 3. Bb5 a6 4. Ba4 Nf6 5. O-O b5 6. Bb3 Be7 7. Re1 O-O 8. a4 Bb7 9. d3 d6 10. Nbd2 Na5 11. Ba2 c5 12. Nf1 Qb6 13. Ng3 Bc8 14. c3 Nc6 15. axb5 Qxb5 16. Bc4 Qb6 17. Qa4 a5 18. Bb5 Nb8 19. d4 exd4 20. cxd4 Bd7 21. Bxd7 Nfxd7 22. Nf5 Bd8 23. Bf4 Bc7 24. Ne7+ Kh8 25. Nd5 Qa7 26. Rac1 Nb6 27. Qc2 Nxd5 28. exd5 Nd7 29. Qf5 Nf6 30. dxc5 Qb8 31. Bg5 Qd8 32. Bxf6 Qxf6 33. Qxf6 gxf6 34. Re7 Bd8 35. cxd6 Bxe7 36. dxe7 Rfe8 37. d6 Ra7 38. g3 Kg7 39. Nd4 Rd7 40. Nb5 f5 41. Rc7 Rxc7 42. Nxc7 1-0

[Event "Hemer- Kirchlengern"]
[Site "?"]
[Date "2023.10.22"]
[Round "2.1"]
[White "Gulatz, Maurice"]
[Black "Runte, Moritz"]
[Result "1/2-1/2"]
[WhiteElo "2152"]
[BlackElo "2194"]
[PlyCount "42"]
[EventDate "2023.??.??"]
[SourceVersionDate "2023.09.25"]

1. Nf3 d5 2. e3 Nf6 3. c4 c6 4. Nc3 e6 5. b3 Bd6 6. Bb2 O-O 7. d4 b6 8. Be2 Bb7 9. O-O Nbd7 10. Qc2 Qe7 11. Rad1 Rfe8 12. e4 dxe4 13. Nxe4 Nxe4 14. Qxe4 e5 15. dxe5 Nxe5 16. Nxe5 c5 17. Qf5 Bxe5 18. Rd7 Qf6 19. Qxf6 Bxf6 20. Rxb7 Rxe2 21. Bxf6 gxf6 1/2-1/2

[Event "Hemer- Kirchlengern"]
[Site "?"]
[Date "2023.10.22"]
[Round "2.2"]
[White "Xue, Luka"]
[Black "Braun, Peter"]
[Result "1/2-1/2"]
[WhiteElo "2003"]
[BlackElo "1951"]
[PlyCount "92"]
[EventDate "2023.??.??"]
[SourceVersionDate "2023.09.25"]

1. d4 d5 2. c4 e6 3. Nc3 c6 4. e4 dxe4 5. Nxe4 Bb4+ 6. Nc3 Nf6 7. Bg5 O-O 8. Nf3 h6 9. Be3 c5 10. a3 Bxc3+ 11. bxc3 Qa5 12. Qc2 Nc6 13. Bd3 cxd4 14. Nxd4 Nxd4 15. Bxd4 e5 16. Be3 Ng4 17. Bd2 e4 18. Bxe4 Qe5 19. O-O-O Nxf2 20. Rde1 Nxe4 21. Qxe4 Qc5 22. Qe7 Qxc4 23. Rhf1 Be6 24. Qb4 Qa2 25. Qb2 Qd5 26. Rf3 Rfe8 27. Rg3 Bf5 28. Rxg7+ Kxg7 29. c4+ Kh7 30. cxd5 Rac8+ 31. Qc3 Rxc3+ 32. Bxc3 Rxe1+ 33. Bxe1 Be4 34. d6 Bc6 35. Bf2 b6 36. g4 Kg6 37. Be3 h5 38. gxh5+ Kxh5 39. Kd2 Kg4 40. Bf2 Kh3 41. Bg3 f5 42. Ke3 Kg4 43. Be5 a5 44. Bd4 b5 45. Bc3 b4 46. axb4 axb4 1/2-1/2

[Event "Hemer- Kirchlengern"]
[Site "?"]
[Date "2023.10.22"]
[Round "2.3"]
[White "Ott, Mathias"]
[Black "Jagodzinsky, Andreas"]
[Result "1/2-1/2"]
[WhiteElo "1983"]
[BlackElo "2179"]
[PlyCount "109"]
[EventDate "2023.??.??"]
[SourceVersionDate "2023.09.25"]

1. d4 Nf6 2. c4 g6 3. Nc3 Bg7 4. e4 O-O 5. Be2 d6 6. Be3 Nfd7 7. Nf3 c5 8. O-O cxd4 9. Nxd4 Nc6 10. Qd2 Qa5 11. a3 Qc7 12. Rac1 Nc5 13. Nxc6 Qxc6 14. Nd5 Qd7 15. Qc2 Re8 16. Rfd1 Ne6 17. c5 dxc5 18. Nf6+ Bxf6 19. Rxd7 Bxd7 20. Bc4 b6 21. f4 Bd4 22. Qf2 Bxe3 23. Qxe3 Kg7 24. Rd1 Rad8 25. Bxe6 Bxe6 26. Rxd8 Rxd8 27. f5 Bc8 28. Qf4 Rd7 29. Qb8 Ba6 30. Qe5+ f6 31. Qe6 Bc8 32. Qc6 Rd1+ 33. Kf2 Bd7 34. Qc7 gxf5 35. exf5 Kf7 36. g4 h5 37. h3 hxg4 38. hxg4 Be8 39. Ke3 Rd7 40. Qh2 Kg7 41. Qg3 Rd6 42. Qf2 Bc6 43. Qh2 Be8 44. Qh1 a5 45. Qe1 Kf8 46. Qc3 Bf7 47. Kf4 Rd4+ 48. Kg3 Rd6 49. Kh4 Rd4 50. Qe3 Rd6 51. Qh6+ Kg8 52. Kg3 Be8 53. Qe3 Kf8 54. Qh6+ Kg8 55. Qe3 1/2-1/2

[Event "Hemer- Kirchlengern"]
[Site "?"]
[Date "2023.10.22"]
[Round "2.4"]
[White "Hofmann, Benjamin"]
[Black "Dilger, Tim"]
[Result "1/2-1/2"]
[WhiteElo "1863"]
[BlackElo "1882"]
[PlyCount "111"]
[EventDate "2023.??.??"]
[SourceVersionDate "2023.09.25"]

1. e4 e5 2. Nf3 Nc6 3. Bc4 Bc5 4. c3 d6 5. d3 Bg4 6. Nbd2 Nf6 7. Nf1 h6 8. Ng3 O-O 9. h3 Be6 10. Bb3 Bb6 11. O-O Qd7 12. Kh2 Rad8 13. Nh4 d5 14. Qf3 Ne7 15. Nhf5 Bxf5 16. Nxf5 Nxf5 17. exf5 e4 18. dxe4 dxe4 19. Qg3 c6 20. Kg1 Bc7 21. Qe3 a6 22. Qc5 Rfe8 23. Be3 Re5 24. Qc4 Rxf5 25. Rad1 Qe7 26. Rxd8+ Bxd8 27. Rd1 Nd5 28. Bc5 Qe5 29. Qd4 Bc7 30. Qxe5 Rxe5 31. Bd4 Re7 32. g4 Be5 33. Bc5 Rd7 34. Bc2 Nf6 35. Rxd7 Nxd7 36. Be7 e3 37. fxe3 Nb6 38. Bc5 Nd5 39. Kf2 Bf6 40. Kf3 Bg5 41. c4 Nc7 42. Bf5 Ne6 43. Bxe6 fxe6 44. Ke4 Bf6 45. Bd4 Kf7 46. Bxf6 gxf6 47. h4 Kg6 48. Kf4 b5 49. cxb5 axb5 50. b4 h5 51. e4 Kh6 52. Kg3 Kg6 53. gxh5+ Kxh5 54. Kh3 Kh6 55. Kg4 Kg6 56. a3 1/2-1/2

[Event "Hemer- Kirchlengern"]
[Site "?"]
[Date "2023.10.22"]
[Round "2.5"]
[White "Knollmann, Benjamin"]
[Black "Stahlschmidt, Timo"]
[Result "1-0"]
[WhiteElo "1862"]
[BlackElo "1815"]
[PlyCount "52"]
[EventDate "2023.??.??"]
[SourceVersionDate "2023.09.25"]

1. d4 d5 2. c4 e6 3. Nf3 c5 4. cxd5 exd5 5. g3 Nf6 6. Bg2 Nc6 7. O-O Be7 8. Nc3 O-O 9. a3 c4 10. Re1 Bf5 11. Ne5 Na5 12. Bg5 Nb3 13. Bxf6 gxf6 14. Nxf7 Rxf7 15. Bxd5 Nxa1 16. e4 Nb3 17. exf5 Nxd4 18. Qh5 Qf8 19. Qxf7+ Qxf7 20. Rxe7 Qxd5 21. Nxd5 Nxf5 22. Nxf6+ Kf8 23. Rxh7 Rd8 24. Rxb7 Rd1+ 25. Kg2 Rd2 26. Nd7+ Ke8 1-0

[Event "Hemer- Kirchlengern"]
[Site "?"]
[Date "2023.10.22"]
[Round "2.6"]
[White "Poggemann, Alexander"]
[Black "Ott, Helmut"]
[Result "1-0"]
[WhiteElo "1718"]
[BlackElo "1954"]
[PlyCount "59"]
[EventDate "2023.??.??"]
[SourceVersionDate "2023.09.25"]

1. e4 d6 2. d4 Nf6 3. Nc3 g6 4. Be2 Bg7 5. f4 O-O 6. Be3 e5 7. Nf3 Ng4 8. Bc1 exf4 9. Bxf4 Nc6 10. O-O a6 11. h3 Nf6 12. Bg5 Qe8 13. Bxf6 Bxf6 14. Qd2 Bg7 15. Rae1 Bd7 16. Nd5 Qd8 17. Bc4 Ne7 18. Ng5 Nc6 19. Nxf7 Bxd4+ 20. Kh1 Rxf7 21. Nxc7 Be8 22. Nxe8 Ne5 23. Rxf7 Nxc4 24. Qxd4 Kxf7 25. Qxc4+ Kxe8 26. Rf1 d5 27. exd5 Qd6 28. Qe4+ Kd8 29. Rf7 h5 30. Qd4 1-0

[Event "Paderborn- Herford"]
[Site "?"]
[Date "2023.10.22"]
[Round "2.1"]
[White "Loemker, Michael"]
[Black "Moeller, Maurin"]
[Result "0-1"]
[WhiteElo "2121"]
[BlackElo "2146"]
[PlyCount "138"]
[EventDate "2023.??.??"]
[SourceVersionDate "2023.09.25"]

1. d4 Nf6 2. c4 g6 3. Nc3 d5 4. Nf3 Bg7 5. Bf4 O-O 6. Rc1 dxc4 7. e3 Be6 8. Be2 c6 9. a4 Nd5 10. Be5 b5 11. axb5 Nxc3 12. bxc3 cxb5 13. Bxg7 Kxg7 14. e4 Bd7 15. Qd2 Qc7 16. h4 h5 17. Ne5 Nc6 18. Nxd7 Qxd7 19. Bxh5 Rh8 20. Bf3 Rad8 21. Qg5 f6 22. Qg3 b4 23. h5 g5 24. d5 Ne5 25. Be2 Qd6 26. cxb4 Qxb4+ 27. Qc3 Rb8 28. Qxb4 Rxb4 29. Rh3 g4 30. Bxg4 Nd3+ 31. Rxd3 cxd3 32. Kd2 Rxe4 33. Bf3 Re5 34. Ra1 Ra8 35. Ra6 Rd8 36. Rxa7 Kh6 37. Ra6 Kg5 38. Rc6 Rf5 39. Re6 Re5 40. Rc6 Rb8 41. Kxd3 Rb2 42. Rc2 Rxc2 43. Kxc2 Rf5 44. Kd3 Rf4 45. Ke3 Rh4 46. Be2 f5 47. Bf3 Kf6 48. Ke2 Ke5 49. Kf1 Ra4 50. g3 Ra3 51. Kg2 Rd3 52. Be2 Rxd5 53. f4+ Kf6 54. Bc4 Rd8 55. Kh3 Rc8 56. Bd5 e6 57. Bb7 Rc3 58. Kh4 Rc2 59. Kh3 Rf2 60. Ba6 Rb2 61. Bc4 Rb4 62. Ba2 Re4 63. Bb3 e5 64. Bd5 Re3 65. Kh4 e4 66. g4 Rf3 67. g5+ Kg7 68. g6 Kf6 69. g7 Rxf4+ 0-1

[Event "Paderborn- Herford"]
[Site "?"]
[Date "2023.10.22"]
[Round "2.2"]
[White "Kesselmeier, Kevin"]
[Black "Quelle, Helmut"]
[Result "1/2-1/2"]
[WhiteElo "2079"]
[BlackElo "2041"]
[PlyCount "132"]
[EventDate "2023.??.??"]
[SourceVersionDate "2023.09.25"]

1. e4 e6 2. d4 d5 3. Nc3 Nf6 4. e5 Nfd7 5. f4 c5 6. Nf3 Nc6 7. Be3 a6 8. Qd2 Qc7 9. a3 cxd4 10. Nxd4 Bc5 11. Qf2 Nxd4 12. Bxd4 O-O 13. Bd3 Bxd4 14. Qxd4 f6 15. exf6 Nxf6 16. O-O-O Bd7 17. Rde1 Rae8 18. Rhf1 Bc6 19. Re5 g6 20. Rg5 Qg7 21. Re1 Nd7 22. Qxg7+ Kxg7 23. g3 Kf6 24. h4 e5 25. fxe5+ Rxe5 26. Rf1+ Ke7 27. Rxe5+ Nxe5 28. Rxf8 Kxf8 29. Kd2 Ke7 30. Ke3 Kd6 31. Kf4 h6 32. Be2 Bd7 33. Nd1 Bf5 34. Ne3 Be4 35. c4 Nc6 36. cxd5 Bxd5 37. Nxd5 Kxd5 38. Bd3 Ne5 39. Be4+ Kd4 40. Bxb7 Nd3+ 41. Kg4 a5 42. b3 Nc5 43. Bc6 Nxb3 44. h5 Ke5 45. hxg6 Kf6 46. Kh5 Kg7 47. g4 Nd4 48. Be8 Nf3 49. Ba4 Ne5 50. Bc2 Nf3 51. Bb1 Ng5 52. Kh4 Nf3+ 53. Kg3 Ne5 54. Kf4 Nxg6+ 55. Ke4 Kf6 56. Kd5 Ne5 57. Bf5 h5 58. gxh5 Kxf5 59. h6 Ng4 60. Kc5 Nxh6 61. Kb5 Nf7 62. Kxa5 Nd6 63. a4 Ke5 64. Kb6 Kd5 65. a5 Nc4+ 66. Kb5 Nxa5 1/2-1/2

[Event "Paderborn- Herford"]
[Site "?"]
[Date "2023.10.22"]
[Round "2.3"]
[White "Stoimenov, Ivan"]
[Black "Augner, Bjoern"]
[Result "0-1"]
[WhiteElo "2081"]
[BlackElo "2000"]
[PlyCount "126"]
[EventDate "2023.??.??"]
[SourceVersionDate "2023.09.25"]

1. d4 Nf6 2. Bf4 d5 3. e3 e6 4. Nf3 c5 5. c3 Bd6 6. Bg3 Qc7 7. Bd3 Nbd7 8. Nbd2 O-O 9. e4 dxe4 10. Nxe4 Nxe4 11. Bxe4 Nf6 12. Bc2 b6 13. dxc5 Bxg3 14. hxg3 Ba6 15. Qd4 Qxc5 16. O-O-O Qxd4 17. Rxd4 Rfd8 18. Rdh4 Kf8 19. g4 h6 20. g5 hxg5 21. Nxg5 Ke7 22. R1h3 Bb7 23. Rg3 g6 24. f3 Rh8 25. Rgh3 Rh5 26. Rxh5 Nxh5 27. Rh4 Rc8 28. Rd4 Ng3 29. Bd3 Nf5 30. Rf4 Rh8 31. g4 Nd6 32. Ra4 a6 33. Rb4 b5 34. a4 a5 35. Rd4 e5 36. Rxd6 Rh1+ 37. Kc2 Rh2+ 38. Kb3 Kxd6 39. Nxf7+ Ke7 40. Nxe5 Kf6 41. Nd7+ Ke7 42. Bxb5 Bxf3 43. Ne5 Bd1+ 44. Kc4 Rxb2 45. Nxg6+ Kd6 46. Kd4 Ra2 47. c4 Bxa4 48. c5+ Kc7 49. Bd3 Bd1 50. Ne5 Rg2 51. Be4 Rg3 52. Nc4 a4 53. Nd6 Be2 54. Bf5 a3 55. Ne8+ Kb7 56. Be4+ Ka6 57. Bb1 Bxg4 58. Ba2 Bd7 59. Nc7+ Kb7 60. Nd5 Be6 61. Ke5 Bxd5 62. Bxd5+ Kc7 63. Kd4 Rh3 0-1

[Event "Paderborn- Herford"]
[Site "?"]
[Date "2023.10.22"]
[Round "2.5"]
[White "Klemme, Thomas"]
[Black "Hoette, Moritz"]
[Result "1-0"]
[WhiteElo "1949"]
[BlackElo "2108"]
[PlyCount "93"]
[EventDate "2023.??.??"]
[SourceVersionDate "2023.09.25"]

1. b3 d5 2. Bb2 Nf6 3. e3 e6 4. f4 Bd6 5. Nf3 O-O 6. d4 Ne4 7. Bd3 f5 8. O-O Nd7 9. Ne5 Nxe5 10. fxe5 Be7 11. c4 c6 12. Nc3 Nxc3 13. Bxc3 Bd7 14. Rc1 Kh8 15. Qd2 Rg8 16. Rc2 g5 17. Bb4 Rg7 18. Bxe7 Rxe7 19. Qb4 Be8 20. Rfc1 Bg6 21. cxd5 cxd5 22. Qd6 f4 23. Bxg6 hxg6 24. Rc7 Rxc7 25. Rxc7 fxe3 26. Kf1 Qf8+ 27. Qxf8+ Rxf8+ 28. Ke2 Rf2+ 29. Kxe3 Rxg2 30. Re7 Rxh2 31. Rxe6 Kg7 32. Re7+ Kf8 33. Rxb7 Rxa2 34. Rb5 Ra3 35. Kf3 a6 36. Rxd5 Rxb3+ 37. Kg4 Ke7 38. Kxg5 Rg3+ 39. Kf4 Rg1 40. Ra5 Rf1+ 41. Ke4 g5 42. Rxa6 Re1+ 43. Kd5 g4 44. Ra7+ Ke8 45. Ke6 Kf8 46. Rf7+ Kg8 47. Rf4 1-0

[Event "Sodingen- Hamm"]
[Site "?"]
[Date "2023.10.22"]
[Round "2.1"]
[White "Frombach, Ralf"]
[Black "Werrn, Pascal"]
[Result "1-0"]
[WhiteElo "2209"]
[BlackElo "2145"]
[PlyCount "65"]
[EventDate "2023.??.??"]
[SourceVersionDate "2023.09.25"]

1. d4 Nf6 2. Nf3 g6 3. c4 Bg7 4. Nc3 c5 5. d5 O-O 6. e4 d6 7. h3 a6 8. Bd3 e6 9. O-O exd5 10. exd5 Re8 11. Bf4 b6 12. Qd2 Ra7 13. Bc2 Rae7 14. Ba4 b5 15. cxb5 Ne4 16. Nxe4 Rxe4 17. b3 Bxa1 18. bxa6 Bxa6 19. Rxa1 Qf6 20. Qc1 Rc8 21. Bg5 Qf5 22. Qc3 Qxd5 23. Bh6 Rd4 24. Re1 Bb7 25. Re7 f6 26. b4 Nc6 27. Rxb7 Ne5 28. Rg7+ Kh8 29. Nxd4 Qxa2 30. Bb3 Qb1+ 31. Kh2 Qe4 32. bxc5 dxc5 33. Qxc5 1-0

[Event "Sodingen- Hamm"]
[Site "?"]
[Date "2023.10.22"]
[Round "2.2"]
[White "Waldschmidt, Georg"]
[Black "Dargel, Manuel"]
[Result "1-0"]
[WhiteElo "2141"]
[BlackElo "2175"]
[PlyCount "77"]
[EventDate "2023.??.??"]
[SourceVersionDate "2023.09.25"]

1. e4 c5 2. c3 Nf6 3. e5 Nd5 4. Nf3 e6 5. d4 cxd4 6. cxd4 Qc7 7. Bd2 b6 8. Nc3 Nxc3 9. Bxc3 Ba6 10. d5 Bxf1 11. d6 Qc4 12. Rxf1 Nc6 13. Nd2 Qd5 14. Qe2 Rc8 15. Qe4 Qb5 16. a4 Qa6 17. f4 g6 18. Kf2 Bg7 19. g4 O-O 20. g5 b5 21. Kg3 Rb8 22. axb5 Qxb5 23. Qa4 Rfc8 24. Qxb5 Rxb5 25. Ra4 Kf8 26. Re1 Ke8 27. h4 h5 28. Ree4 Rcb8 29. Nc4 R8b7 30. Kf3 Rd5 31. Ne3 Rdb5 32. Rec4 Rb3 33. Ke4 Kd8 34. Nc2 Ke8 35. Nd4 R3b6 36. Nxc6 dxc6 37. Bd4 Kd7 38. Bxb6 axb6 39. Ra8 1-0

[Event "Sodingen- Hamm"]
[Site "?"]
[Date "2023.10.22"]
[Round "2.3"]
[White "Prueß, Wilfried"]
[Black "Boehnke, Martin"]
[Result "1/2-1/2"]
[WhiteElo "2105"]
[BlackElo "2150"]
[PlyCount "31"]
[EventDate "2023.??.??"]
[SourceVersionDate "2023.09.25"]

1. e4 d5 2. exd5 Qxd5 3. Nc3 Qa5 4. d4 c6 5. Bc4 Bf5 6. Nf3 Nf6 7. Bd2 e6 8. O-O Qc7 9. Nh4 Bg4 10. f3 Bh5 11. Qe2 Be7 12. g3 O-O 13. Bb3 Nbd7 14. Bf4 Bd6 15. Bxd6 Qxd6 16. Rad1 1/2-1/2

[Event "Sodingen- Hamm"]
[Site "?"]
[Date "2023.10.22"]
[Round "2.4"]
[White "Becker, Joerg"]
[Black "Gerard, Marcel"]
[Result "1-0"]
[WhiteElo "2176"]
[BlackElo "2102"]
[PlyCount "107"]
[EventDate "2023.??.??"]
[SourceVersionDate "2023.09.25"]

1. d4 Nf6 2. Nf3 e6 3. e3 c5 4. c4 cxd4 5. exd4 d5 6. Nc3 Be7 7. Bd3 O-O 8. O-O dxc4 9. Bxc4 Nbd7 10. Ne5 Nb6 11. Bb3 Bd7 12. Qf3 Bc6 13. Nxc6 bxc6 14. Qxc6 Qxd4 15. Be3 Qb4 16. Rfd1 Rfc8 17. Qf3 Bc5 18. Bg5 Qg4 19. Qxg4 Nxg4 20. Ne4 Bf8 21. Bf4 Be7 22. h3 Nf6 23. Nc3 Nc4 24. Bxc4 Rxc4 25. Bd6 Bxd6 26. Rxd6 Kf8 27. Re1 Rb8 28. Re2 Rcb4 29. Ra6 R8b7 30. b3 Rc7 31. Re3 Rb6 32. Ra5 a6 33. Ne2 Nd5 34. Rf3 Rc2 35. Nf4 Nb4 36. a3 Nc6 37. Ra4 Ke7 38. Re3 Kd7 39. Nh5 a5 40. Nxg7 Rb2 41. Rf4 Nd8 42. Rd4+ Rd6 43. Rxd6+ Kxd6 44. Ne8+ Ke7 45. Nc7 Nb7 46. Nd5+ Kd6 47. Nb6 Rb1+ 48. Kh2 Kc5 49. Nc4 Kd4 50. Nd2 Rb2 51. Nf3+ Kd5 52. Rd3+ Kc5 53. Nd2 Nd6 54. Rxd6 1-0

[Event "Sodingen- Hamm"]
[Site "?"]
[Date "2023.10.22"]
[Round "2.5"]
[White "Schmidt, Ingo"]
[Black "Banik, Thorsten"]
[Result "1/2-1/2"]
[WhiteElo "2033"]
[BlackElo "2117"]
[PlyCount "85"]
[EventDate "2023.??.??"]
[SourceVersionDate "2023.09.25"]

1. e4 c6 2. d4 d5 3. Nc3 dxe4 4. Nxe4 Nf6 5. Nxf6+ gxf6 6. c3 e6 7. Bd3 c5 8. Nf3 Nc6 9. O-O cxd4 10. cxd4 Nb4 11. Be4 f5 12. Bb1 Bg7 13. Bg5 Qd6 14. Qd2 Nd5 15. Re1 h6 16. Bh4 O-O 17. Bg3 Qb6 18. Bd3 Bd7 19. Rac1 Rfc8 20. a3 Rxc1 21. Rxc1 Rc8 22. Bc4 Nf6 23. Bd3 Rxc1+ 24. Qxc1 Ne4 25. Bc7 Qc6 26. Bf4 Qxc1+ 27. Bxc1 Bc6 28. Ne5 Bd5 29. f3 Nc5 30. dxc5 Bxe5 31. b4 a5 32. Kf2 axb4 33. axb4 Kg7 34. g3 Bc3 35. Ba3 Bd4+ 36. Ke2 Bg1 37. h3 Bd4 38. b5 h5 39. Bb4 Kf6 40. f4 e5 41. Kd2 e4 42. Be2 Kg6 43. Bd1 1/2-1/2

[Event "Sodingen- Hamm"]
[Site "?"]
[Date "2023.10.22"]
[Round "2.6"]
[White "Mueller, Frank"]
[Black "Paduch, Alexander"]
[Result "1/2-1/2"]
[WhiteElo "1956"]
[BlackElo "2002"]
[PlyCount "120"]
[EventDate "2023.??.??"]
[SourceVersionDate "2023.09.25"]

1. e4 e6 2. d4 d5 3. Bd3 dxe4 4. Bxe4 Nf6 5. Bf3 c5 6. Ne2 Be7 7. Nbc3 O-O 8. Be3 Nbd7 9. O-O a6 10. dxc5 Bxc5 11. Bxc5 Nxc5 12. Qxd8 Rxd8 13. Rfd1 Rxd1+ 14. Rxd1 Ncd7 15. Na4 Kf8 16. c4 Ke7 17. Nec3 Rb8 18. c5 Ne5 19. Be2 Bd7 20. Nb6 Bc6 21. b4 Nfd7 22. Nxd7 Nxd7 23. a4 Nf6 24. b5 axb5 25. axb5 Bd5 26. g3 Ra8 27. Nxd5+ Nxd5 28. Bf3 Ra5 29. Rb1 Nc3 30. Rb3 Nxb5 31. Bxb7 Nd4 32. Rb4 Rb5 33. Rxd4 Rxb7 34. h4 Rb1+ 35. Kg2 Rc1 36. Ra4 Rxc5 37. Ra7+ Kf6 38. Rb7 h6 39. Ra7 g5 40. hxg5+ hxg5 41. Rb7 Kg6 42. Rb6 Kf5 43. Rb7 f6 44. Rb6 g4 45. Ra6 e5 46. Rb6 e4 47. Ra6 Re5 48. Rb6 e3 49. fxe3 Rxe3 50. Kf2 Re5 51. Rb4 Kg5 52. Ra4 Rb5 53. Rc4 Rb2+ 54. Kg1 Rb3 55. Kg2 Rf3 56. Ra4 Re3 57. Kf2 Re6 58. Rb4 f5 59. Ra4 Rf6 60. Rf4 Rb6 1/2-1/2

[Event "Sodingen- Hamm"]
[Site "?"]
[Date "2023.10.22"]
[Round "2.7"]
[White "Sporkert, Corina"]
[Black "Berndt, Joachim"]
[Result "0-1"]
[WhiteElo "1800"]
[BlackElo "2052"]
[PlyCount "142"]
[EventDate "2023.??.??"]
[SourceVersionDate "2023.09.25"]

1. e4 c5 2. Nf3 Nc6 3. d4 cxd4 4. Nxd4 e5 5. Nxc6 bxc6 6. Bc4 Nf6 7. Bg5 Qa5+ 8. Qd2 Bb4 9. c3 Nxe4 10. Qe3 Nxg5 11. Qxg5 Bf8 12. O-O f6 13. Qh5+ g6 14. Qh4 Bg7 15. Bb3 d5 16. Nd2 O-O 17. Rad1 Be6 18. Rfe1 Rae8 19. Nf3 Bf7 20. h3 h5 21. Qg3 g5 22. Nh2 Qc5 23. Nf1 Bg6 24. Ne3 Kh7 25. Nf1 h4 26. Qe3 Qe7 27. c4 dxc4 28. Bxc4 f5 29. Qd2 Rd8 30. Qa5 e4 31. Rxd8 Rxd8 32. Ne3 Be5 33. Rd1 Bc7 34. Qc3 Rxd1+ 35. Nxd1 Qd6 36. Ne3 Qh2+ 37. Kf1 Bh5 38. Ke1 Qd6 39. Be2 Bg6 40. a3 Bd8 41. Nc4 Qe6 42. Ne3 Bf6 43. Qb4 Qd7 44. Bc4 Bd4 45. Qd2 Qg7 46. Nd1 f4 47. Qa5 Kh6 48. b3 Qf6 49. Bf1 Bf5 50. Kd2 Bb6 51. Qc3 Qd6+ 52. Ke1 Bd4 53. Qa5 Kg6 54. Be2 f3 55. Bf1 Qe6 56. Qb4 c5 57. Qb7 fxg2 58. Bxg2 Bxh3 59. Bxh3 Qxh3 60. Qc6+ Bf6 61. Qxe4+ Qf5 62. Qe8+ Kg7 63. Ne3 Qd3 64. f3 Bc3+ 65. Kf2 Bd4 66. Qe7+ Kh6 67. Qf8+ Kh5 68. Qe8+ Qg6 69. Qe7 Qc2+ 70. Kf1 Qd3+ 71. Kg2 Qe2+ 0-1

[Event "Sodingen- Hamm"]
[Site "?"]
[Date "2023.10.22"]
[Round "2.8"]
[White "Graw, Christopher"]
[Black "Przybela, Frank"]
[Result "1-0"]
[WhiteElo "2208"]
[BlackElo "1701"]
[PlyCount "47"]
[EventDate "2023.??.??"]
[SourceVersionDate "2023.09.25"]

1. Nf3 d5 2. c4 c6 3. b3 Nf6 4. Bb2 g6 5. g3 Bg7 6. Bg2 O-O 7. O-O Re8 8. Qc2 Nbd7 9. d4 Nf8 10. Nh4 Ne6 11. Rd1 Nc7 12. Nd2 Bd7 13. f4 Qc8 14. e4 Bg4 15. Re1 dxe4 16. Nxe4 Bh3 17. Bh1 Nxe4 18. Bxe4 Bd7 19. f5 gxf5 20. Nxf5 f6 21. Rf1 Ne6 22. Nxg7 Nxg7 23. Bxh7+ Kh8 24. Rf4 1-0

[Event "Kirchlengern- Sodingen"]
[Site "?"]
[Date "2023.11.12"]
[Round "3.1"]
[White "Werrn, Pascal"]
[Black "Gulatz, Maurice"]
[Result "0-1"]
[WhiteElo "2137"]
[BlackElo "2153"]
[PlyCount "50"]
[EventDate "2023.??.??"]
[SourceVersionDate "2023.09.25"]

1. c4 e6 2. Nf3 f5 3. g3 Nf6 4. Bg2 Be7 5. O-O O-O 6. b3 d6 7. d4 a5 8. Nc3 Ne4 9. Nxe4 fxe4 10. Ne1 d5 11. f3 Nc6 12. e3 exf3 13. Bxf3 Bf6 14. Bb2 dxc4 15. bxc4 e5 16. Bd5+ Kh8 17. dxe5 Nxe5 18. Qh5 Bg4 19. Qxe5 Bxe5 20. Rxf8+ Qxf8 21. Bxe5 Qe7 22. Bd4 c5 23. Bb2 Qxe3+ 24. Kh1 Rf8 25. Ng2 Qe2 0-1

[Event "Kirchlengern- Sodingen"]
[Site "?"]
[Date "2023.11.12"]
[Round "3.2"]
[White "Braun, Peter"]
[Black "Waldschmidt, Georg"]
[Result "1/2-1/2"]
[WhiteElo "1954"]
[BlackElo "2152"]
[PlyCount "46"]
[EventDate "2023.??.??"]
[SourceVersionDate "2023.09.25"]

1. d4 Nf6 2. c4 e6 3. Nf3 d5 4. g3 Be7 5. Bg2 O-O 6. O-O dxc4 7. Ne5 Nc6 8. Bxc6 bxc6 9. Nxc6 Qe8 10. Nxe7+ Qxe7 11. Qa4 e5 12. dxe5 Bh3 13. Nc3 Qxe5 14. Rd1 Be6 15. Bf4 Qc5 16. Be3 Qh5 17. f3 a5 18. Qc6 Rab8 19. Rd2 Rfc8 20. Rad1 h6 21. Ba7 Ra8 22. Be3 Rab8 23. Ba7 Ra8 1/2-1/2

[Event "Kirchlengern - Sodingen"]
[Site "?"]
[Date "2023.11.12"]
[Round "3.3"]
[White "Boehnke, Martin"]
[Black "Ott, Mathias"]
[Result "0-1"]
[WhiteElo "2149"]
[BlackElo "1988"]
[PlyCount "58"]
[EventDate "2023.??.??"]
[SourceVersionDate "2023.09.25"]

1. d4 d5 2. c4 c6 3. Nf3 e6 4. e3 f5 5. Nc3 Nf6 6. Be2 Bd6 7. O-O Nbd7 8. Rb1 a5 9. Qc2 Ne4 10. a3 Qe7 11. Bd2 O-O 12. Na2 Rf6 13. b4 Rh6 14. g3 Qf7 15. Nc3 Qg6 16. Nxe4 fxe4 17. Ne1 Nf6 18. Qd1 e5 19. Ng2 Bh3 20. bxa5 Qf5 21. Ne1 Bxf1 22. Bxf1 Ng4 23. Qe2 Nxh2 24. Bg2 Rf8 25. Rxb7 Ng4 26. a6 Qh5 27. a7 Qh2+ 28. Kf1 Qxg3 29. Rb8 Rh1+ 0-1

[Event "Kirchlengern - Sodingen"]
[Site "?"]
[Date "2023.11.12"]
[Round "3.4"]
[White "Dilger, Tim"]
[Black "Mueller, Frank"]
[Result "0-1"]
[WhiteElo "1881"]
[BlackElo "1951"]
[PlyCount "78"]
[EventDate "2023.??.??"]
[SourceVersionDate "2023.09.25"]

1. d4 Nf6 2. c4 g6 3. Nc3 d5 4. e3 Bg7 5. Nf3 O-O 6. cxd5 Nxd5 7. Bc4 Nxc3 8. bxc3 c5 9. O-O Nc6 10. a4 Na5 11. Ba2 Qc7 12. Ba3 b6 13. Qd3 Rd8 14. Rac1 e6 15. Rfd1 Bb7 16. Ng5 Qc6 17. f3 Qxa4 18. c4 Ba6 19. h4 Rac8 20. h5 cxd4 21. hxg6 hxg6 22. Nxf7 Kxf7 23. Bb1 Rc5 24. Qxg6+ Kf8 25. Qg5 Nb7 26. Bxc5+ bxc5 27. Bg6 Qd7 28. Ra1 Bxc4 29. Rxa7 Bd5 30. e4 Bc6 31. Rb1 Rc8 32. Qf4+ Kg8 33. Kf2 d3 34. e5 Rf8 35. Qh4 Bxe5 36. Rh1 Qd4+ 37. Qxd4 Bxd4+ 38. Ke1 c4 39. Kd2 Bxa7 0-1